000 00802nam a22002297a 4500
999 _c64035
_d64035
005 20240530110711.0
008 180121s2015 ua a g b 000 0dara d
017 _a14865
_bمصر. دار الكتب
020 _a9789773144531
040 _aEG-CaGPL
_cEG-CaGPL
082 0 4 _221
_a401\
_bل ب
100 1 _aليفنسون ، ستيفن ك.
245 1 2 _aالبراجماتية اللغوية /
_cستيفن ك. ليفنسون ؛ ترجمه سعيد حسن بحيرى .
250 _aط.1
260 _aالقاهرة :
_bمكتبة زهراء الشرق ،
_c2015 .
300 _a583 ص. ؛
_c24 سم.
650 0 7 _2qrmak
_aاللغة
_xفلسفة
651 _2qrmak
700 0 _aسعيد حسن بحيرى
_eمترجم
942 _2ddc
_cBK